000 00667nam a2200217 a 4500
005 20240925064110.0
008 991125s1967 mad 000 0 spa u
035 _aUPN01000009023
049 _aCG
050 4 _aLB1115
_bC5.28a 1967
100 1 _aClaparéde, Edouard,
_d1873-1940
245 0 0 _aCómo diagnosticar las aptitudes en los escolares /
_cE. Claparéde ; tr. Bibliogr. y notas Alejandro Gil Fagoaga.
250 _a5a ed.
260 _aMadrid :
_bAguilar,
_c1967.
300 _a292 p. :
_bil.
440 0 _aPsicología y educación
500 _afotocopia
650 4 _aNiño, Estudio del
_9221
650 4 _aPsicología educativa
_95197
905 _aLibro
999 _c9023
_d9023